00682nam a22002057a 450000500170000001000110001702000220002803500110005003700160006104000120007708200160008910000160010524500770012126000430019827000460024130000240028750000520031165000650036365000480042820170124110039.0 a727323 c00.00a0710075545 a727323 bCen Lib/Ret aDPLbEN a883.08bLAR aLary, N. M. aDostoevsky and Dickens :cby N. M. Laryba study of literary influence / c1973aLondonbRoutledge and Kegan Paul aBroadway House, 68-74 Carter LanebLondon axiv,172p.c20cm(Hb) aIncludes bibliographical references and index  aDostoyevsky, Fyodor, -- 1821-1881 -- Knowledge -- Literature aDickens, Charles, -- 1812-1870 -- Influence